| 000 | 00576nam a2200121Ia 4500 | ||
|---|---|---|---|
| 008 | 171212s9999 xx 000 0 und d | ||
| 020 | _a9780833091741 | ||
| 100 | _aGreathouse, Sarah Michal;Saunders, Jessica;Matthews, Miriam;Keller, Kirsten M.;Miller, Laura L. | ||
| 245 |
_cGreathouse, Sarah Michal;Saunders, Jessica;Matthews, Miriam;Keller, Kirsten M.;Miller, Laura L. _aA Review of the Literature on Sexual Assault Perpetrator Characteristics and Behaviors |
||
| 260 |
_bRAND Corporation _c2015 |
||
| 650 | _aHistory | ||
| 856 | _uhttp://jstor.org/stable/10.7249/j.ctt19w72tz | ||
| 999 |
_c351661 _d351661 |
||